Manuale juris communis regularium et specialis: Carmelitarum Discalceatorum

Guardat en:
Dades bibliogràfiques
Autor principal: Angelo, R. P (Autor)
Format: Llibre
Idioma:llatí
Publicat: Gante H. Vander Schelden 1899
Edició:1a. ed
Matèries:
Etiquetes: Afegir etiqueta
Sense etiquetes, Sigues el primer a etiquetar aquest registre!

MARC

LEADER 00000cam a2200000 a 4500
001 UCD3297
003 CL-VaPUC
008 160603e18990000be |||||||||||||||||lat|d
082 0 4 |a 262.4  |b ANG  |2 21 
100 0 |a Angelo, R. P  |e author  |9 586705 
245 1 0 |a Manuale juris communis regularium et specialis: Carmelitarum Discalceatorum 
250 |a 1a. ed 
300 |a t 
942 |c BK 
945 |d 20160603 11:42:00  |a dcastane 
260 |a Gante  |b H. Vander Schelden  |c 1899 
650 7 |a CONGREGACIONES RELIGIOSAS  |2 CL-VaPUC  |9 398089 
650 7 |a CARMELITAS DESCALZAS  |2 CL-VaPUC  |9 432940 
583 |a last modification  |c 20160603 11:42:00  |k Rodrigo Vera 
999 |c 364333  |d 364331 
952 |0 0  |1 0  |3 erd  |4 0  |6 262_400000000000000_ANG_1899  |7 0  |8 X  |9 477391  |a BIBTEO  |b BIBTEO  |c TEO_FFR  |h t.1  |i 5233305  |o 262.4 ANG 1899  |p 5233305  |r 2024-01-18  |w 2019-11-24  |y BK_X  |z Catalogado en:20160603  |k OFM 
952 |0 0  |1 0  |3 erd  |4 0  |6 262_400000000000000_ANG_1899  |7 0  |8 X  |9 477392  |a BIBTEO  |b BIBTEO  |c TEO_FFR  |h t.2  |i 5233313  |o 262.4 ANG 1899  |p 5233313  |r 2024-01-18  |w 2019-11-24  |y BK_X  |z Catalogado en:20160603  |k OFM